Primitive man in Michigan /

Bibliographic Details
Main Author: Hinsdale, W. B. (Wilbert B.), 1851-1944
Format: Book
Language:English
Published: [Ann Arbor] : The University, 1925.
Series:Michigan handbook series (University of Michigan. University Museum) ; no. 1.
Subjects:

MARC

Tag First Indicator Second Indicator Subfields
LEADER 00000cam a2200000 4500
001 in00000257546
005 20151010053640.0
008 740521s1925 miuf b 00010 eng d
010 |a  26027017  
035 |a (OCoLC)00891822 
035 |9 ABC5264AM 
040 |c CWR  |d TXA  |d UtOrBLW 
049 |a TXAM  |c [186588] 
050 0 0 |a F568  |b .H64 
100 1 |a Hinsdale, W. B.  |q (Wilbert B.),  |d 1851-1944. 
245 1 0 |a Primitive man in Michigan /  |c by W. B. Hinsdale. 
264 1 |a [Ann Arbor] :  |b The University,  |c 1925. 
300 |a xii, 194 pages, 1 . including XLI plate :  |b frontispiece ;  |c 21 cm. 
336 |a text  |b txt  |2 rdacontent 
337 |a unmediated  |b n  |2 rdamedia 
338 |a volume  |b nc  |2 rdacarrier 
490 1 |a University museum, University of Michigan. Michigan handbook series, no. 1 
500 |a Descriptive letterpress on versos facing the plates. 
504 |a "References": pages 112-113. 
650 0 |a Indians of North America  |z Michigan. 
651 0 |a Michigan  |x Antiquities. 
830 0 |a Michigan handbook series (University of Michigan. University Museum) ;  |v no. 1. 
999 |a MARS 
999 f f |s 78066a15-cc3a-3ed5-a9ad-6da8ee7a3c08  |i 275a9ab9-931f-3495-ade0-55eff5e3e078  |t 0 
952 f f |p ric  |a Texas A&M University  |b Rellis Campus  |c Joint Library Facility  |d Remote Storage  |t 0  |e F568 .H64  |h Library of Congress classification  |i unmediated -- volume  |m A14802305194 
998 f f |a F568 .H64  |t 0  |l Remote Storage